000 01433nam a2200253 a 4500
001 000022160
003 OSt
005 20260321073640.0
008 100917s19uu dr 000 0 spa d
040 _aDO-SdBNP
_bspa
_cBNPHU
082 _a320.9729354
_bR173J
100 1 _aRamírez Morillo, Belarminio,
_d1964-
_92520
245 1 0 _aJuan Bosch no quiso gobernar /
_cBelarminio Ramírez Morillo.
260 _a[Santo Domingo] :
_b[s.n.],
_c[197?].
300 _a151 p. ;
_c21 cm.
500 _aIncluye referencias bibliográficas y notas al pie de las páginas
505 2 _aLa Campaña electoral de 1962 -- Situación política durante el período de transición -- El gobierno de Bosch -- La crisis domínico haitiana -- El modelo constitucional -- Los medios de comunicación en la crisis -- Los Estados Unidos y la revolución -- Crisis PRD-Gobierno -- La iglesia y el poder político -- La meditación de Angel Liz -- La crisis final: Huelga del 20 de septiembre de 1963 -- Bosch dispuesto a entregar la democracia para que la sacrifiquen -- Manifiesto dirigido al Pueblo Dominicano por los comandos de las FFAA y la PN que depusieron a Bosch.
590 _aInventariado, 2019/VM
600 1 0 _a Bosch, Juan,
_d1909-2001
_976555
651 0 _aRepública Dominicana
_xPolítica y gobierno
_945
651 4 _aRepública Dominicana
_xHistoria
_y1962-1963
_945863
910 _aValidado. Control de calidad MFF
942 _2ddc
_cLBS1
999 _c21658
_d21658